| 000 | 00869cam a2200253 i 4500 | ||
|---|---|---|---|
| 003 | IT-RoINE | ||
| 005 | 20210105111042.0 | ||
| 008 | 921110s1990 sp | r || | cat d | ||
| 020 | _a8487029140 | ||
| 040 |
_aSpMaBN _bspa _cIT-RoINE |
||
| 041 | 0 |
_acat _afre _apor _aspa |
|
| 111 | 2 |
_911586 _aJarique de Numismática Hispano-Arab _n(2º. _d1988. _cLérida, España) |
|
| 245 | 1 | 0 | _aII Jarique de Numismática Hispano - Arab. |
| 260 |
_a[Lérida] : _bInstitut d'Estudis, _c1990. |
||
| 300 |
_a310 p. : _bil. ; _c24 cm. |
||
| 336 |
_aTexto (visual) _2rdacontent |
||
| 337 |
_asin mediación _2rdamedia |
||
| 338 |
_2rdacarrier _avolume |
||
| 490 | 1 |
_aQuaderns de l'Institut ; _v3 |
|
| 504 | _aBibliografía | ||
| 650 | 4 |
_aNumismática musulmana _zEspaña _vCongresos _911588 |
|
| 830 | 0 |
_aQuaderns de l'Institut (Instituto de Estudios Ilerdenses) ; _911589 _v3 |
|
| 942 | _cMTS | ||
| 999 |
_c5442 _d5442 |
||